| 000 | 00432nam a22001577a 4500 | ||
|---|---|---|---|
| 003 | OSt | ||
| 008 | 240213b |||||||| |||| 00| 0 eng d | ||
| 020 | _a9788176222365 | ||
| 041 | _aeng | ||
| 082 |
_a631.587 _bDWI/IN |
||
| 245 | _aIntegrated Management of Water Resources with Reference to Biodiversity and Livelihood / | ||
| 700 |
_aDwivedi,S.N _9436 |
||
| 700 |
_aPraveen Tamot _9437 |
||
| 700 |
_aAsfa,M.Yasin _9438 |
||
| 942 | _cBK | ||
| 999 |
_c14316 _d14316 |
||